[Event "Gibraltar Masters 11th"]
[Site "Caleta"]
[Date "2013.01.30"]
[Round "9"]
[White "Stockmann, Michael"]
[Black "Hamer, Martyn"]
[Result "1-0"]
[WhiteElo "2312"]
[BlackElo "2025"]
[PlyCount "133"]
[EventDate "2013.01.22"]
[EventType "swiss"]
[EventRounds "10"]
[EventCountry "GGB"]
[SourceTitle "CBM 153"]
[Source "ChessBase"]
[SourceDate "2013.03.14"]
[SourceVersion "1"]
[SourceVersionDate "2013.03.14"]
[SourceQuality "1"]

1. d4 Nf6 2. Nf3 e6 3. c4 d5 4. g3 Be7 5. Bg2 0-0 6. 0-0 dxc4 7. Na3 c5 8. dxc5 Bxc5 9. Nxc4 Nc6 10. a3 a6 11. b4 Ba7 12. Bb2 Qe7 13. Nfe5 Nxe5 14. Nxe5 Rd8 15. Qb3 Nd7 16. Rad1 f6 17. Nc4 Rb8 18. Na5 Nf8 19. Rxd8 Qxd8 20. Rd1 Qc7 21. e3 Kh8 22. Qd3 Bb6 23. Nc4 Bd7 24. Nxb6 Qxb6 25. Bd4 Qc7 26. Bc5 Bb5 27. Qd6 Qxd6 28. Rxd6 Kg8 29. f4 Kf7 30. Rb6 Nd7 31. Rxb7 Rxb7 32. Bxb7 Nxc5 33. bxc5 Ke7 34. Kf2 Kd7 35. Ke1 Kc7 36. Be4 f5 37. Bf3 Bc6 38. Be2 Bb5 39. Bf3 Bc6 40. Bd1 Bd5 41. Ba4 Bc6 42. Bb3 Bd5 43. Ba4 Bc6 44. Bd1 Bd5 45. Be2 a5 46. Bb5 Bc6 47. a4 Bd5 48. Kd2 Bb3 49. Kc3 Bd1 50. Kd4 Bb3 51. Ke5 Ba2 52. h3 Bd5 53. g4 fxg4 54. hxg4 Ba2 55. e4 Bb3 56. g5 h5 57. gxh6 gxh6 58. Kf6 h5 59. Kg5 Bc2 60. f5 exf5 61. exf5 h4 62. f6 h3 63. f7 h2 64. f8Q h1Q 65. Qe7+ Kb8 66. Qd8+ Ka7 67. Qb6+ 1-0

[Event "Gibraltar Masters 11th"]
[Site "Caleta"]
[Date "2013.01.26"]
[Round "5"]
[White "Stockmann, Michael"]
[Black "Ju, Wenjun"]
[Result "0-1"]
[WhiteElo "2312"]
[BlackElo "2505"]
[PlyCount "88"]
[EventDate "2013.01.22"]
[EventType "swiss"]
[EventRounds "10"]
[EventCountry "GGB"]
[SourceTitle "CBM 153"]
[Source "ChessBase"]
[SourceDate "2013.03.14"]
[SourceVersion "1"]
[SourceVersionDate "2013.03.14"]
[SourceQuality "1"]

1. d4 Nf6 2. Nf3 g6 3. c4 Bg7 4. g3 0-0 5. Bg2 d6 6. 0-0 c6 7. Nc3 Qb6 8. h3 Qa6 9. b3 b5 10. cxb5 cxb5 11. b4 Bb7 12. Bb2 Nbd7 13. Qd3 Nd5 14. a4 Nxb4 15. Qd2 bxa4 16. Nxa4 Qb5 17. Nc3 Qb6 18. Na4 Qb5 19. Nc3 Qc4 20. Rfc1 a5 21. Qg5 Nc6 22. d5 h6 23. Qe3 Nce5 24. Nxe5 dxe5 25. Na4 Qb5 26. Rcb1 Qa6 27. Ba3 Rfe8 28. Ra2 Rad8 29. Rc2 Ba8 30. Rc7 e6 31. dxe6 Qxe6 32. Bxa8 Rxa8 33. Rbb7 Red8 34. Kh2 Rac8 35. Qa7 Rxc7 36. Rxc7 Nf6 37. Qxa5 Qf5 38. Bc5 Ne4 39. f3 Ng5 40. g4 Qf4+ 41. Kg2 e4 42. fxe4 Qxe4+ 43. Kf2 Nxh3+ 44. Kg3 Be5+ 0-1